000 00293nam a22001217a 4500
999 _c8697
_d8697
020 _a9788189747985
100 _aGupta, M.K. & Khinchi
245 _aDrug Inspector
250 _a2019
260 _aNew Delhi
_bBirla Publication
_c2019
650 _aPharmaceutical Jurisprudence
942 _cBK
_2ddc